000 01218cam a22003617a 4500
003 CHAP
005 20220817044108.0
008 060411s2005 it r 00010 spa d
010 _a92034
011 _a93006
035 _a103573
040 _cCHAP
082 0 4 _a641.1
_bC68Y 2005
110 0 _aFAO. Comisión del Codex Alimentarius
_939482
245 1 0 _aInforme del período de sesiones (28o)
_c/por FAO. Comisión del Codex Alimentarius
260 _aRoma :
_bFAO,
_c2005.
300 _a130 p.
410 2 0 _aFAO
490 0 _aPrograma conjunto FAO/OMS sobre normas alimentarias ALINORM 05/28/41
590 _aBATCH-UPD
_b10
_c20130110
_lUCH01
_h0349
590 _aBATCH-UPD
_b10
_c20130110
_lUCH01
_h1907
590 _aBATCH-UPD
_b10
_c20130410
_lUCH01
_h0023
590 _aBATCH-UPD
_b10
_c20130914
_lUCH01
_h0210
590 _aCONVERSION
_b10
_c20130109
_lUCH01
_h1351
650 1 4 _aAlimentos
_xAnálisis.
_94164
650 1 4 _aAlimentos
_xNormas de calidad.
_94256
810 0 _aFAO
830 0 _aPrograma conjunto FAO/OMS sobre normas alimentarias ALINORM 05/28/41
_992255
901 _aBK
905 _aLilia
942 _cLIBRO
949 _a641.1 C68Y 2005
_bBC
_cFAO
_d33724000984639
_eFAO1
_h107902
_i103573
_sb
999 _c92034
_d92034